LIBRARY & INFORMATION CENTRE, KCAET, TAVANUR

ONLINE PUBLIC ACCESS CATALOGUE (OPAC)

Bioenergy in 21st Century (Record no. 14139)

MARC details
000 -LEADER
fixed length control field 00340nam a22001337a 4500
020 ## - INTERNATIONAL STANDARD BOOK NUMBER
ISBN 9788183212533
082 ## - DEWEY DECIMAL CLASSIFICATION NUMBER
Classification number 665.776
Item number KAL/BI
100 ## - MAIN ENTRY--AUTHOR NAME
Personal name Kalbande, S R
-- Gangde, C N
245 ## - TITLE STATEMENT
Title Bioenergy in 21st Century
260 ## - PUBLICATION, DISTRIBUTION, ETC. (IMPRINT)
Place of publication New Delhi
Name of publisher Agrotech Publishing Academy
Year of publication 2012
300 ## - PHYSICAL DESCRIPTION
Number of Pages 463
650 ## - SUBJECT ADDED ENTRY--TOPICAL TERM
Topical Term Bioenergy
942 ## - ADDED ENTRY ELEMENTS (KOHA)
Koha item type Books
Holdings
Withdrawn status Lost status Damaged status Home library Current library Date acquired Full call number Accession Number Koha item type
      KAUAET KAUAET 13/08/2018 665.776 KAL/BI 23882 Books
free website counter